| 000 | 00762nam a2200241 4500 | ||
|---|---|---|---|
| 003 | OSt | ||
| 005 | 20240608032831.0 | ||
| 006 | a | ||
| 008 | 240608b |||||||| |||| 00| 0 eng d | ||
| 020 | _a9781423999331 | ||
| 040 |
_aDWCL-Main lib. _cOC |
||
| 082 |
_2seventh edition _aCirc. 004 P269c 2009 |
||
| 100 | _aParsons, June Jamrich | ||
| 245 | _aComputer concepts : illustrated introductory / | ||
| 250 | _aseventh edition | ||
| 260 |
_aBoston, MA : _bCourse Technology, _cc2009. |
||
| 300 |
_axxiv, _b320 p. : col. ill. ; _c27 cm. |
||
| 504 | _aIncludes glossary. | ||
| 650 | _a1. Computer science. | ||
| 650 | _a2. Computer science–Problems, exercises, etc. | ||
| 700 | _aJune Jamrich Parsons | ||
| 942 |
_2ddc _n0 _cBK-CIRC _eseventh edition _kCirc. |
||
| 999 |
_c408 _d408 |
||